000 00594nam a22001937a 4500
005 20251108170833.0
008 250721s2000 xx 000 0 ara d
082 1 4 _a216.91/سما
100 1 _aسمارة، إحسان عبد المنعم
245 1 0 _aالنظام السياسي في الإسلام /
264 1 _aعمان :
_bدار يافا للنشر،
_c2000.
300 _a166ص
650 1 7 _aالأحكامالسلطانية
650 1 7 _aنظام الحكم في الإسلام
650 1 7 _aالخلافة
650 1 7 _aالإسلام
942 _2ddc
_cBK
999 _c50173
_d50173